| 000 | 01453nam a22003250a 4500 | ||
|---|---|---|---|
| 001 | PT16083 | ||
| 003 | AR-LpoUNG | ||
| 005 | 20260115101049.0 | ||
| 008 | 191001s2003||||ag |||||||||||||||||spa d | ||
| 020 |
_a9879423704 _c$7.28 |
||
| 040 |
_aAR-LpoUNG _bspa _cAR-LpoUNG _eaacr |
||
| 041 | _aspa | ||
| 044 | _aag | ||
| 082 | 0 | _a334.1 994eco | |
| 100 | 1 |
_aVuotto, Mirta _ecomp. |
|
| 245 | 1 | 0 |
_aEconomía social : _bprecisiones conceptuales y algunas experiencias históricas |
| 250 | _a1ra. ed. | ||
| 260 |
_aBuenos Aires : _bFundación OSDE - Altamira - Universidad Nacional de General Sarmiento, _c2003. |
||
| 300 |
_a255 p. : _bgráfs., il. |
||
| 520 | _aLa obra es una compilación de textos que ilustran el concepto de economía social, mostrando el significado que distintos autores le asignan. Comienza por la génesis del concepto e incluye la visión de precursores como Leon Walras y Charles Gide, cuyos textos se remontan a fines del siglo XIX y comienzos del siglo XX. Se incluye luego un conjunto de escritos publicados entre los años 1992 y 2001 en libros, revistas especializadas y documentos de trabajo, que dan cuenta de las producciones mas actuales sobre el tema. | ||
| 650 | 4 | _aASPECTOS SOCIALES | |
| 650 | 4 | _aCOOPERATIVAS | |
| 650 | 4 | _aECONOMIA | |
| 650 | 4 | _aSISTEMAS ECONOMICOS | |
| 650 | 4 | _aTEORIA ECONOMICA | |
| 653 | 0 | _aECONOMIA SOCIAL | |
| 653 | 0 | _aECONOMIA SOLIDARIA | |
| 905 | _a16083 | ||
| 942 |
_cLIB _2ddc |
||
| 999 |
_c16890 _d16890 |
||